000
00224nam a22000857a 4500
008
170301b xxu||||| |||| 00| 0 eng d
100
_9
2980
_a
Trask.R.C
245
_a
Dictionary of English Grammar
260
_a
New York
_b
Penguin
_c
2000
999
_c
6224
_d
6224